Učitavanje...

What is an Editor? Saxe Commins at Work

Bibliografski detalji
Glavni autor: Dorothy Commins
Format: Printed Book
Izdano: The University of Chicago Press, London 1978
LEADER 00355nam a2200109 4500
082
100 |a Dorothy Commins 
245 |a What is an Editor? Saxe Commins at Work  |c Dorothy Commins 
260 |a The University of Chicago Press, London  |c 1978 
942 |c BK 
999 |c 195092  |d 195092 
952 |0 0  |1 0  |4 0  |7 0  |9 208441  |a DCI  |b DCI  |d 2019-10-29  |l 0  |p DCI1483  |r 2019-10-29  |w 2019-10-29  |y BK